| 000 | 00719cam a2200241 a 4500 | ||
|---|---|---|---|
| 003 | OSt | ||
| 005 | 20260413165647.0 | ||
| 008 | 101124s2009 ii b 000 0 eng | ||
| 020 | _a9788120833388 | ||
| 040 | _cHDL | ||
| 041 | _hEnglish | ||
| 082 | _a294.592 P9 | ||
| 245 | 0 | 0 |
_aDharma : _bstudies in its semantic, cultural, and religious history / _cedited by Patrick Olivelle. |
| 250 | _a1st. enl. rev. ed. | ||
| 260 |
_aDelhi : _bMotilal Banarsidass Publishers, _c2009. |
||
| 300 | _aviii, 492 p. | ||
| 490 | 0 | _aSources of ancient Indian law | |
| 650 | 0 |
_aDharma. _9854728 |
|
| 650 | 0 |
_aReligion and law _zIndia. _91234778 |
|
| 700 | 1 | _aOlivelle, Patrick. | |
| 942 |
_2CC _cTEXL _n0 |
||
| 999 |
_c1848262 _d1848262 |
||